LEADER 02038nam 2200589 450 001 9910810686803321 005 20230213222313.0 010 $a3-11-092817-5 024 7 $a10.1515/9783110928174 035 $a(CKB)3710000000469519 035 $a(SSID)ssj0001588947 035 $a(PQKBManifestationID)16275317 035 $a(PQKBTitleCode)TC0001588947 035 $a(PQKBWorkID)14872494 035 $a(PQKB)10850910 035 $a(MiAaPQ)EBC4793778 035 $a(DE-B1597)46372 035 $a(OCoLC)979594919 035 $a(DE-B1597)9783110928174 035 $a(Au-PeEL)EBL4793778 035 $a(CaPaEBR)ebr11338916 035 $a(CaONFJC)MIL939155 035 $a(OCoLC)972290777 035 $a(EXLCZ)993710000000469519 100 $a20170215h19591959 uy 0 101 0 $ager 135 $aurcnu|||||||| 181 $ctxt 182 $cc 183 $acr 200 10$aAbriss der altenglischen (angelsa?chsischen) grammatik /$fvon Eduard Sievers 205 $a15. Durchgesehene Auflage. 210 1$aTu?bingen, [Germany] :$cMax Niemeyer Verlag,$d1959. 210 4$d©1959 215 $a1 online resource (104 pages) 225 1 $aSammlung Kurzer Grammatiken Germanischer Dialekte. C, Abrisse ;$vNR 2 300 $aBibliographic Level Mode of Issuance: Monograph 311 $a3-484-40010-2 327 $tFrontmatter -- $tVorwort -- $tInhaltsübersicht -- $tI. Einleitung -- $tII. Lautlehre -- $tIII. Flexionslehre -- $tWörterverzeichnis -- $tAnhang: Konjugationstabellen (zu § 88) 410 0$aSammlung kurzer Grammatiken germanischer Dialekte.$nC,$pAbrisse ;$vNR 2. 606 $aEnglish language$yOld English, ca. 450-1100$xGrammar 615 0$aEnglish language$xGrammar. 676 $a429.5 700 $aSievers$b Eduard$0192590 702 $aBrunner$b Karl, 801 0$bMiAaPQ 801 1$bMiAaPQ 801 2$bMiAaPQ 906 $aBOOK 912 $a9910810686803321 996 $aAbriss der altenglischen (angelsächsischen) Grammatik$9179731 997 $aUNINA LEADER 03291nam 22008413a 450 001 9910346850903321 005 20250203235432.0 010 $a9783039210879 010 $a3039210874 024 8 $a10.3390/books978-3-03921-087-9 035 $a(CKB)4920000000095158 035 $a(oapen)https://directory.doabooks.org/handle/20.500.12854/50663 035 $a(ScCtBLL)6923648f-9ef2-47db-ba21-ea7cee1956c3 035 $a(OCoLC)1118519108 035 $a(oapen)doab50663 035 $a(EXLCZ)994920000000095158 100 $a20250203i20192019 uu 101 0 $aeng 135 $aurmn|---annan 181 $ctxt$2rdacontent 182 $cc$2rdamedia 183 $acr$2rdacarrier 200 00$aIonic Liquid Crystals$fGiacomo Saielli 210 $cMDPI - Multidisciplinary Digital Publishing Institute$d2019 210 1$aBasel, Switzerland :$cMDPI,$d2019. 215 $a1 electronic resource (108 p.) 311 08$a9783039210862 311 08$a3039210866 330 $aIn this book we have collected a series of state-of-the art papers written by specialists in the field of ionic liquid crystals (ILCs) to address key questions concerning the synthesis, properties, and applications of ILCs. New compounds exhibiting ionic liquid crystalline phases are presented, both of calamitic as well as discotic type. Their dynamic and structural properties have been investigated with a series of experimental techniques including differential scanning calorimetry, polarized optical spectroscopy, X-ray scattering, and nuclear magnetic resonance, impedance spectroscopy to mention but a few. Moreover, computer simulations using both fully atomistic and highly coarse-grained force fields have been presented, offering an invaluable microscopic view of the structure and dynamics of these fascinating materials. 606 $aTechnology: general issues$2bicssc 610 $aphotoconductivity 610 $athermotropic 610 $aX-ray diffraction 610 $amesophases 610 $acrystal polymorphs 610 $acolumnar 610 $aviologens 610 $aalignment layer 610 $acrown ether 610 $aimidazolium 610 $aelectron transport 610 $ametathesis reaction 610 $apolarizing optical microscopy 610 $aliquid crystals 610 $aAg nano-particles doping 610 $adiscotic 610 $amolecular orientational order 610 $athermogravimetric analysis 610 $aion transport 610 $amolecular dynamics 610 $anuclear magnetic resonance 610 $asmectic phase A 610 $aion channels 610 $aionic liquid 610 $aionic liquid crystal 610 $aphase behavior 610 $aimpedance spectroscopy 610 $aresidual DC 610 $adifferential scanning calorimetry 610 $a4-n-alkylbenzenesulfonic acids 610 $aionic liquid crystals 610 $aionic liquids 610 $athiazolium 610 $aliquid crystal 610 $asalt effect 615 7$aTechnology: general issues 700 $aSaielli$b Giacomo$01312843 801 0$bScCtBLL 801 1$bScCtBLL 906 $aBOOK 912 $a9910346850903321 996 $aIonic Liquid Crystals$93031018 997 $aUNINA